000 00477nam a2200157 a 4500
001 000042913
005 20201002040508.0
008 140212s2014 dr 000 0 spa d
040 _aDO-SdBNP
_bspa
_cBNPHU
082 _axxx
_bF673v
100 1 _aFondeur Rodríguez, Milagros
_970374
245 1 3 _aLa vida del guerrero espiritual /
_cMilagros Fondeur Rodríguez.
260 _a[Santo Domingo] :
_b[s.n.],
_c2014.
300 _a152 p. ;
_c22 cm.
504 _aBibliografía : p. 152
999 _c42402
_d42402